Responses for show #160 - Friday, April 19, 1985

Contestants

Rick Sinclair, an attorney from Los Angeles, California

Bruce Rhodewalt, a musician from Los Angeles, California

Matt Hubbard, a computer game designer from Palo Alto, California (whose 3-day cash winnings total $25,550)

Jeopardy! Round responses

1933
WORD PLAY
CANADA
MOVIE TRIVIA
OLD TESTAMENT
ODD WORDS
    $100 20
cigarette holder

Bruce
    $100 9
jack

Matt
    $100 6
the Canadian dollar

Bruce
    $100 1
solar eclipse

Matt
    $100 19
Samson

Matt
    $100 15
riveter

Bruce
    $200 21
burning

Rick
    $200 10
(Bruce: [no response])

tinsel

BruceRick
    $200 7
Calgary

Matt
    $200 2
Mickey Mouse

Matt
    $200 24
Noah

Bruce
    $200 16
(Rick: What is a coater?)

dipper

BruceRick
    $300 22
gold

Bruce
    $300 12
atoms

Bruce
    $300 8
Quebec City

Rick
    $300 3
Shakespeare

Bruce
    $300 25
(Alex: We've got less than a minute to go in the round!)

the coat of many colors

Matt
    $300 17
scribes

Matt
    $400 23
Sally Rand

Bruce
    $400 13
[signal for commercial break]

semi-, demi-, & hemi-

Bruce
    $400 11
"From Sea to Sea"

Matt
    $400 4
an elephant's eye

Matt
    $400 28
(Bruce: What was spoke to the water to get a rock?)
(Alex: You have an interesting bend to your mind!)

he hit it

Bruce
Triple Stumper
    $400 18
contortionist

Bruce
    $500 27
(Alex: Or Archibald Leach.)

Cary Grant

Matt
    $500 14
(Bruce: What is a sash?)

transom

MattBruce
    $500 29
[The end-of-round signal sounds.]
(Alex: Oh, darn it. I was hoping you would get all of the answers off the board in this first round!)

Eskimos

Rick
    $500 5
(Rick: Chocolate...what is chocolate?)

licorice

MattRick
    $500 26
a game show host

Rick

Scores at the first commercial break (after clue 13):

Matt Bruce Rick
$1,900 $900 $0

Scores at the end of the Jeopardy! Round:

Matt Bruce Rick
$3,600 $1,700 $1,000

Double Jeopardy! Round responses

REPUBLICANS
WARS
SPORTS
PHYSICS
STATE CAPITALS
HYPHENATES
    $200 20
(Alex: Less than a minute to go.)

North Carolina

Rick
    $200 6
World War II

Bruce
    $200 19
soap box derby

Bruce
    $200 8
(Rick: What are X-rays?)

gamma rays

MattRick
    $200 1
Alaska

Bruce
    $200 13
Stratford-upon-Avon

Bruce
    $400 21
Robert Taft

Matt
    $400 7
(Bruce: Who were the Huguenots?)

the Protestants

Bruce
    $400 9
centrifugal force

Bruce
    $400 2
St. Paul

Rick
    $400 14
Hanna-Barbera

Bruce
    $600 23
(Bruce: Who were Eisenhower and....[time]?)

Eisenhower and Grant

Bruce
Triple Stumper
    $600 18
(Rick: I remember the song, but don't remember the name!)

Barry Sadler ("The Green Berets")

Rick
    $600 10
half-life

Bruce
    $600 3
Lansing

Bruce
    $600 15
Terry-Thomas

Rick
    $1,000 24
[end-of-round signal sounds]

the first woman in Congress

Rick
    $800 11
fulcrum

Rick
    $800 4
Bismarck

Rick
    $800 16
Jean-Pierre Rampal

Bruce
    $1000 22
Utah

Rick
    $1000 12
(Alex: You guys did very well in physics, congratulations!)

the speed of light

Bruce
    $1000 5
(Bruce: [no response])

Concord

BruceRick
    $1000 17
Bristol-Myers

Rick

Scores at the end of the Double Jeopardy! Round:

Matt Bruce Rick
$4,200 $5,100 $7,000

[wagering suggestions for these scores]

Final Jeopardy! Round responses

KINGDOMS
MattWhat is Sweden Norway?
$4,200
BruceWhat is Denmark?
$3,350
RickWhat is Norway?
$3,300
Denmark

Final scores:

Matt Bruce Rick
$0 $8,450 $3,700
3rd place: Vitamaster fitness system New champion: $8,450 2nd place: Broyhill sofa & Andis Company hair accessories

Game dynamics:

Coryat scores:

Matt Bruce Rick
$4,200 $5,100 $7,400
14 R,
0 W
22 R
(including 1 DD),
5 W
14 R
(including 1 DD),
4 W
(including 1 DD)

Combined Coryat: $16,700

The J! Archive is created by fans, for fans. The Jeopardy! game show and all elements thereof, including but not limited to copyright and trademark thereto, are the property of Jeopardy Productions, Inc. and are protected under law. This website is not affiliated with, sponsored by, or operated by Jeopardy Productions, Inc. Join the discussion at JBoard.tv.